Lire et écrire un scénario : Fiction, documentaire et nouveaux médias (notice n° 2005058)

détails MARC
000 -LEADER
fixed length control field 01406cam a2200145 4500500
005 - DATE AND TIME OF LATEST TRANSACTION
control field 20260329054607.0
041 ## - LANGUAGE CODE
Language code of text/sound track or separate title fre
042 ## - AUTHENTICATION CODE
Authentication code dc
100 10 - MAIN ENTRY--PERSONAL NAME
Personal name Raynauld, Isabelle
Relator term author
245 00 - TITLE STATEMENT
Title Lire et écrire un scénario : Fiction, documentaire et nouveaux médias
260 ## - PUBLICATION, DISTRIBUTION, ETC.
Name of publisher, distributor, etc. Armand Colin,<br/>
Date of publication, distribution, etc. 2019.<br/>
520 ## - SUMMARY, ETC.
Summary, etc. Qu’est-ce qu’un « bon » scénario ? Comment savoir si son ultime version est prête à tourner ? Comment aider un scénariste à écrire ? Qu’attendons-nous d’un scénario, qu’espère-t-on y trouver ? Qu’ont en commun ceux qui ont donné des films forts et mémorables ? Ce livre apporte des réponses précises à toutes ces questions. Illustré de nombreux exemples de scénarios puisés dans l’histoire du cinéma et de la télévision, il nous invite à découvrir les multiples manières d’écrire, de lire et d’imaginer un scénario. Et comme nos manières de lire un scénario importent autant, sinon plus que son écriture, la rédaction et la lecture sont traitées ici comme un couple inséparable. Cette deuxième édition enrichie propose deux nouveaux chapitres consacrés à l’écriture documentaire et à la scénarisation élargie d’œuvres destinées aux nouveaux médias.
700 10 - ADDED ENTRY--PERSONAL NAME
Personal name Raynaud, Isabelle
Relator term author
856 41 - ELECTRONIC LOCATION AND ACCESS
Uniform Resource Identifier <a href="https://shs.cairn.info/lire-et-ecrire-un-scenario--9782200617707?lang=fr&redirect-ssocas=7080">https://shs.cairn.info/lire-et-ecrire-un-scenario--9782200617707?lang=fr&redirect-ssocas=7080</a>

Pas d'exemplaire disponible.

PLUDOC

PLUDOC est la plateforme unique et centralisée de gestion des bibliothèques physiques et numériques de Guinée administré par le CEDUST. Elle est la plus grande base de données de ressources documentaires pour les Étudiants, Enseignants chercheurs et Chercheurs de Guinée.

Adresse

627 919 101/664 919 101

25 boulevard du commerce
Kaloum, Conakry, Guinée

Réseaux sociaux

Powered by Netsen Group @ 2025